Loading...
| Fine Arts - Classical Music | 6 | 15.00 | 100% | 50% | 0% |
| Fine Arts - Other | 5 | 16.00 | 80% | 60% | 20% |
| Fine Arts - Painting and Sculpture | 3 | 16.67 | 100% | 67% | 0% |
| Geography | 2 | 20.00 | 100% | 100% | 0% |
| History - American | 5 | 16.00 | 100% | 60% | 0% |
| History - European | 4 | 10.00 | 100% | 0% | 0% |
| History - Other | 5 | 8.00 | 80% | 0% | 0% |
| History - World | 4 | 10.00 | 100% | 0% | 0% |
| Literature - American | 8 | 11.25 | 100% | 13% | 0% |
| Literature - British | 4 | 10.00 | 75% | 25% | 0% |
| Literature - European | 6 | 6.67 | 67% | 0% | 0% |
| Literature - World | 5 | 10.00 | 60% | 20% | 20% |
| Mythology | 5 | 10.00 | 80% | 20% | 0% |
| Other Academic | 1 | 30.00 | 100% | 100% | 100% |
| Philosophy | 3 | 10.00 | 100% | 0% | 0% |
| Religion | 3 | 6.67 | 33% | 33% | 0% |
| Science - Biology | 3 | 16.67 | 100% | 67% | 0% |
| Science - Chemistry | 5 | 14.00 | 80% | 40% | 20% |
| Science - Other | 4 | 15.00 | 100% | 50% | 0% |
| Science - Physics | 3 | 10.00 | 100% | 0% | 0% |
| Social Science | 7 | 14.29 | 100% | 43% | 0% |